Les parlers du marais vendeen. tomo 1 /
Guardado en:
| Autor Principal: | |
|---|---|
| Formato: | Libro |
| Publicado: |
GÖteborg :
Romanica Gothoburgensia,
1959
|
| Materias: | |
| Etiquetas: |
Agregar Etiqueta
Sin Etiquetas, Sea el primero en etiquetar este registro!
|
| LEADER | 00488nam a22001455a 4500 | ||
|---|---|---|---|
| 001 | EHU.bham005263 | ||
| 003 | AR-BHAM | ||
| 005 | 20081015154244.0 | ||
| 008 | 130507s1959##################000#0#####d | ||
| 082 | 4 | 4 | |a 447 |
| 100 | 1 | |a Svenson, Lars-owe | |
| 245 | 1 | 0 | |a Les parlers du marais vendeen. tomo 1 / |c Lars-owe Svenson. |
| 260 | |a GÖteborg : |b Romanica Gothoburgensia, |c 1959 | ||
| 653 | |a Frances-dialectos | ||
| 859 | |a AR-BHAM |b BIB. HUMANIDADES - Lectura de escasa demanda |h 447 |i SV24 |p 99997.60 |t Ej.1 |v I LED666 |3 I | ||
